000 00286nam a2200109Ia 4500
008 220217s9999 xx 000 0 und d
245 0 _aSpecification for rubbers for the dairy industry.
260 _c1971
500 _aStandard number: IS 6450
650 _aDairy industry
942 _cST
999 _c73895
_d73895